00402 2200169 4500245003900000020002200039250001100061100002000072700001900092650002000111005001900131260002800150041001400178084000800192300002300200336000900223 aDear NathancErisca FebrianihText a978-602-6940-14-8 aCet. 6 aErisca Febriani aMaskur Priatna aNovel Indonesia a20230126143127 aDepokbBest Mediac2016 aIndonesia a813 a528 hlm. :c20 cm. atext